| 000 | 00604nam a2200181Ia 4500 | ||
|---|---|---|---|
| 008 | 151018s9999 xx 000 0 und d | ||
| 082 |
_bRBASDV32930 _a360 |
||
| 100 | _aअमर्त्य सेन | ||
| 245 | _aआर्थिक विष्यमताए | ||
| 250 | _b1 | ||
| 260 |
_bराजपाल अंड सन्स _c2000 |
||
| 300 | _a118 | ||
| 600 | _aअमर्त्य सेन | ||
| 630 | _aआर्थिक विष्यमताए | ||
| 700 | _aअमर्त्य सेन | ||
| 730 | _aआर्थिक विष्यमताए | ||
| 942 | _cBOOK | ||
| 999 |
_c1032450 _d1032447 |
||